|
|
|
|
| LEADER |
01464nam a2200409 a 4500 |
| 001 |
nkc20061659008 |
| 003 |
CZ PrNK |
| 005 |
20060927093332.0 |
| 007 |
ta |
| 008 |
060609s2006 xr e f 000 0 cze |
| 015 |
|
|
|a cnb001659008
|
| 020 |
|
|
|a 80-86878-33-3
|q (brož.) :
|c neprodejné
|
| 035 |
|
|
|a (OCoLC)85545961
|
| 040 |
|
|
|a OLA001
|b cze
|d BOA001
|d ABA001
|
| 043 |
|
|
|a e-xr---
|
| 072 |
|
7 |
|a 364-1/-7
|x Druhy sociální pomoci a služeb
|2 Konspekt
|9 18
|
| 080 |
|
|
|a 364.69-26-73
|2 MRF
|
| 080 |
|
|
|a (437.3)
|2 MRF
|
| 080 |
|
|
|a (035)
|2 MRF
|
| 080 |
|
|
|a (094.5)
|2 MRF
|
| 245 |
0 |
0 |
|a Příručka pro posudkovou službu úřadu práce /
|c [zpracoval autorský kolektiv ve složení Rostislav Čevela ... et al.]
|
| 250 |
|
|
|a Vyd. 1.
|
| 260 |
|
|
|a Praha :
|b Ministerstvo práce a sociálních věcí,
|c 2006
|
| 300 |
|
|
|a 86 s. ;
|c 21 cm
|
| 500 |
|
|
|a 2000 výt.
|
| 650 |
0 |
7 |
|a posudková služba sociálního zabezpečení
|7 ph198714
|z Česko
|2 czenas
|
| 650 |
0 |
9 |
|a disability evaluation system
|z Czechia
|2 eczenas
|
| 655 |
|
7 |
|a příručky
|7 fd133209
|2 czenas
|
| 655 |
|
7 |
|a právní předpisy
|7 fd133151
|2 czenas
|
| 655 |
|
9 |
|a handbooks and manuals
|2 eczenas
|
| 655 |
|
9 |
|a legal regulations
|2 eczenas
|
| 700 |
1 |
|
|a Čevela, Rostislav,
|d 1953-
|7 nlk20020116321
|4 aut
|
| 910 |
2 |
|
|a BOA001
|b 2-1171.519
|
| 990 |
|
|
|a BK
|
| 995 |
|
|
|a 01
|
| 991 |
|
|
|b 200607
|c NOV
|
| 996 |
6 |
|
|b 2610285687
|c 2-1171.519
|l MZK
|r Sklad / do 1 hodiny
|n 2
|p p.v.
|w 000821575
|u 000010
|a 1
|e BOA001
|j MZK50
|s P
|